Repercusiones en América Latina de los cambios en Europa. Parte 1: relaciones América Latina-Europa /

Guardado en:
书目详细资料
主要作者: Ríos Barboza, Mayrand
企业作者: Universidad Nacional. Escuela de Relaciones Internacionales, OEA
其他作者: ed.
格式: Texto
出版: Heredia: UNA
标签: 添加标签
没有标签, 成为第一个标记此记录!

MARC

LEADER 00000 a a2200000 04500
001 25931
003
040
090 |a 174403  
100 |a Ríos Barboza, Mayrand  
110 |a Universidad Nacional. Escuela de Relaciones Internacionales  
245 |a Repercusiones en América Latina de los cambios en Europa. Parte 1: relaciones América Latina-Europa /  |c Universidad Nacional. Escuela de Relaciones Internacionales  
260 |a Heredia:   |b UNA  
300 |a 192 p.  
700 |a ed.  
710 |a OEA  
999 |c 5711  |d 5711